[Event "Rasht Father Cup Rapid 2nd"]
[Site "Rasht"]
[Date "2023.12.08"]
[Round "11"]
[White "Biriya, Mohammadamin"]
[Black "Tahbaz, Arash"]
[Result "0-1"]
[WhiteElo "2140"]
[BlackElo "2423"]
[PlyCount "96"]
[EventDate "2023.12.08"]
[EventType "swiss (rapid)"]
[EventRounds "11"]
[EventCountry "IRI"]
[SourceTitle "CB50_2023"]
[SourceDate "2023.12.13"]
[SourceVersion "1"]
[SourceVersionDate "2023.12.13"]
[SourceQuality "1"]

1. d4 g6 2. Nf3 Nf6 3. Nc3 Bg7 4. e4 d6 5. Be2 0-0 6. 0-0 Nbd7 7. h3 e5 8. dxe5 dxe5 9. Be3 b6 10. a4 Bb7 11. Nd2 a6 12. Bf3 Qe7 13. Qe2 Rad8 14. Nb3 Qb4 15. Bd2 Qe7 16. Be3 h5 17. Rad1 Kh7 18. Rd2 Bh6 19. Bxh6 Kxh6 20. Rfd1 Kg7 21. Qc4 Rc8 22. h4 Rfd8 23. g3 Nf8 24. Bg2 Rxd2 25. Rxd2 Rd8 26. Bh3 N8h7 27. Qe2 Rxd2 28. Nxd2 Qb4 29. Nb3 Nxe4 30. Bg2 Nhf6 31. Nxe4 Bxe4 32. f3 Bd5 33. Qxe5 Bxb3 34. cxb3 Qxb3 35. Qxc7 Qxb2 36. Bf1 Qd4+ 37. Kh2 Nd5 38. Qc2 Ne3 39. Qe2 Nxf1+ 40. Qxf1 Qxa4 41. Qb1 b5 42. Qb2+ Kg8 43. Qf6 Qc2+ 44. Kh1 Qd1+ 45. Kg2 Qd2+ 46. Kh1 b4 47. Qxa6 b3 48. Qc8+ Kg7 0-1

[Event "Rasht Gilan Cup 1st"]
[Site "Rasht"]
[Date "2022.07.15"]
[Round "8"]
[White "Al Ali, Hussein Ali Hussein"]
[Black "Biriya, Mohammadamin"]
[Result "0-1"]
[WhiteElo "2262"]
[BlackElo "2010"]
[PlyCount "128"]
[EventDate "2022.07.09"]
[EventType "swiss"]
[EventRounds "9"]
[EventCountry "IRI"]
[SourceTitle "CBM 209 Extra"]
[Source "ChessBase"]
[SourceDate "2022.09.30"]
[SourceVersion "1"]
[SourceVersionDate "2022.09.30"]
[SourceQuality "1"]

1. c4 e6 2. Nf3 Nf6 3. e3 Be7 4. Be2 c5 5. 0-0 0-0 6. b3 b6 7. Bb2 Nc6 8. Nc3 d5 9. d4 dxc4 10. bxc4 cxd4 11. exd4 Na5 12. a4 Bb7 13. Rc1 Rc8 14. Nb5 a6 15. Na3 Rc7 16. Ne5 Qa8 17. Nf3 Rfc8 18. Qd3 Bxa3 19. Qxa3 Nxc4 20. Bxc4 Bxf3 21. d5 Rxc4 22. Rxc4 Rxc4 23. Qxf3 Nxd5 24. h4 Qb8 25. g3 Rxa4 26. Rc1 h6 27. Qd3 b5 28. Be5 Qe8 29. Rc5 Rc4 30. Rxc4 bxc4 31. Qxc4 a5 32. Qa6 a4 33. Bd6 Qd7 34. Kh2 Nf6 35. Kg1 e5 36. Qa8+ Kh7 37. Bxe5 Qd1+ 38. Kg2 Qd5+ 39. Qxd5 Nxd5 40. Kf3 a3 41. Ke2 Kg6 42. f3 Kf5 43. Bd4 a2 44. Kd2 Nb4 45. Ba1 g6 46. Kc3 Nc6 47. Kd3 Ke6 48. g4 h5 49. gxh5 gxh5 50. Ke3 Kf5 51. Bc3 Nb4 52. Kd2 Kf4 53. Kc1 Kxf3 54. Kb2 Nd5 55. Bd4 Ke4 56. Bc5 Nc3 57. Bb4 Kd3 58. Bd6 f5 59. Be5 a1Q+ 60. Kxa1 Ne2 61. Bc7 f4 62. Bb6 f3 63. Bf2 Nc3 64. Bb6 Ke2 0-1

[Event "Rasht Jangal Cup 1st"]
[Site "Rasht"]
[Date "2021.12.05"]
[Round "3"]
[White "Biriya, Mohammadamin"]
[Black "Omidi, Arya"]
[Result "0-1"]
[WhiteElo "1911"]
[BlackElo "2323"]
[PlyCount "110"]
[EventDate "2021.12.05"]
[EventType "swiss"]
[EventRounds "9"]
[EventCountry "IRI"]
[SourceTitle "EXT 2023"]
[Source "ChessBase"]
[SourceDate "2022.10.05"]
[SourceVersion "1"]
[SourceVersionDate "2022.10.05"]
[SourceQuality "1"]

1. d4 Nf6 2. Bf4 e6 3. e3 Be7 4. Nd2 0-0 5. Ngf3 b6 6. Be2 c5 7. c3 Bb7 8. 0-0 Nh5 9. Bxb8 Qxb8 10. Ne5 Nf6 11. Bf3 Rc8 12. Bxb7 Qxb7 13. Qe2 b5 14. Rac1 d6 15. Nef3 a5 16. dxc5 Rxc5 17. Rfd1 d5 18. a3 Rcc8 19. Nd4 b4 20. axb4 axb4 21. c4 Bc5 22. N2b3 Bf8 23. cxd5 Qxd5 24. Qb5 Qe4 25. Rxc8 Rxc8 26. Qd3 Qa8 27. Ra1 Qd5 28. Qb5 Qxb5 29. Nxb5 Rc2 30. Rb1 e5 31. f4 Ng4 32. fxe5 Nxe3 33. g3 Nc4 34. N5d4 Rxb2 35. Rxb2 Nxb2 36. e6 fxe6 37. Nxe6 Be7 38. Nf4 Bd6 39. Ne6 Kf7 40. Ng5+ Kf6 41. Nf3 Ke6 42. Kf2 Kd5 43. Ke2 Nc4 44. Kd3 Ne5+ 45. Nxe5 Bxe5 46. Nd2 Bc3 47. Nf3 h6 48. g4 Bf6 49. h4 b3 50. Nd2 b2 51. Kc2 Bxh4 52. Kxb2 Bg5 53. Nf1 Bf4 54. Kc2 Ke4 55. g5 hxg5 0-1

[Event "Eastern Asia-ch U16"]
[Site "Tornelo INT"]
[Date "2021.10.30"]
[Round "5"]
[White "Biriya, Mohammadamin"]
[Black "Yousefi, Arya"]
[Result "1-0"]
[WhiteElo "1616"]
[BlackElo "1240"]
[PlyCount "85"]
[EventDate "2021.10.29"]
[EventType "swiss"]
[EventRounds "9"]
[EventCountry "NET"]
[SourceTitle "CBM 205 Extra"]
[Source "ChessBase"]
[SourceDate "2022.01.31"]
[SourceVersion "1"]
[SourceVersionDate "2022.01.31"]
[SourceQuality "1"]

1. d4 Nf6 2. Bf4 g6 3. Nc3 Bg7 4. e4 d6 5. Qd2 Nbd7 6. 0-0-0 0-0 7. Bh6 Ne8 8. Bxg7 Nxg7 9. f3 e5 10. Nge2 a6 11. g4 b5 12. h4 b4 13. Nd5 a5 14. h5 g5 15. Ng3 h6 16. Nf5 Nxf5 17. gxf5 Nf6 18. dxe5 dxe5 19. Qh2 Qd6 20. Bc4 Rb8 21. Qf2 a4 22. Nxf6+ Qxf6 23. Qc5 Ba6 24. Bxa6 Qxa6 25. Qxe5 b3 26. cxb3 axb3 27. a3 Ra8 28. Qc3 Qb6 29. f4 f6 30. fxg5 fxg5 31. Rd7 Rf7 32. Qc4 Raf8 33. Rhd1 Kg7 34. R7d3 Kg8 35. Rxb3 Qf2 36. Kb1 Qf4 37. Ka2 Kg7 38. Qc6 Rf6 39. Rd7+ Kg8 40. Qd5+ R6f7 41. Rxf7 Rxf7 42. Rb8+ Kg7 43. Qd8 1-0

[Event "IRI-ch U16"]
[Site "Chess.com INT"]
[Date "2021.01.16"]
[Round "9"]
[White "Samiei, Amir Hossein"]
[Black "Biriya, Mohammadamin"]
[Result "1-0"]
[WhiteElo "1350"]
[BlackElo "1911"]
[PlyCount "71"]
[EventDate "2021.01.16"]
[EventType "swiss"]
[EventRounds "11"]
[EventCountry "IRI"]
[SourceTitle "EXT 2022"]
[Source "ChessBase"]
[SourceDate "2021.10.06"]
[SourceVersion "1"]
[SourceVersionDate "2021.10.06"]
[SourceQuality "1"]

1. d4 d5 2. c4 e6 3. Nc3 Be7 4. Nf3 Nf6 5. Bg5 c6 6. e3 Nbd7 7. Rc1 0-0 8. Bd3 dxc4 9. Bxc4 b5 10. Bd3 a6 11. Bb1 Bb7 12. 0-0 Qb6 13. Qc2 g6 14. Ne5 Rfe8 15. Nxd7 Nxd7 16. Bxe7 Rxe7 17. Ne4 e5 18. dxe5 Nxe5 19. Rfd1 Nc4 20. b3 Ne5 21. Rd6 Qc7 22. Rcd1 Kg7 23. Qb2 f5 24. f4 fxe4 25. fxe5 Qb6 26. e6+ Kg8 27. Qf6 Qxe3+ 28. Kh1 Rae8 29. Rd8 Qc5 30. Rxe8+ Rxe8 31. Qf7+ Kh8 32. Qxe8+ Kg7 33. Qf7+ Kh6 34. e7 Qh5 35. Qf4+ Kg7 36. Qf8# 1-0